000 01088nam a22003257a 4500
003 CHAP
005 20220329133956.0
008 971013s1935 r 00010 d
010 _a13495
011 _a14467
035 _a18541
040 _cCHAP
082 _a335.8
_bG6
100 0 0 _aGonzález, José María.
_949532
245 _aDatos para la prehistoria del socialismo en México
260 _aMéxico, D.F. :
_bSecretaría de la Economía Nacional,
_c1935
300 _a105 p
490 _aDocumentos para la historia económica de México
_v; 6
590 _aBATCH-UPD
_b10
_c20130110
_lUCH01
_h0208
590 _aBATCH-UPD
_b10
_c20130110
_lUCH01
_h1002
590 _aBATCH-UPD
_b10
_c20130409
_lUCH01
_h2222
590 _aBATCH-UPD
_b10
_c20130410
_lUCH01
_h1601
590 _aBATCH-UPD
_b10
_c20130914
_lUCH01
_h1216
590 _aCONVERSION
_b10
_c20130109
_lUCH01
_h1309
650 1 4 _aSocialismo.
_9108040
830 0 _aDocumentos para la historia económica de México
_v; 6
_933286
901 _aBK
942 _cLIBRO
949 _a335.8 G6
_bBC
_cLIBRO
_d-43246
_eLIBRO
_i18541
_si
999 _c13495
_d13495